Statistics for Tonga First Level Subdivisions

Click here to take the quiz!

General Stats

  • This quiz has been taken 21 times
  • The average score is 3 of 5

Answer Stats

Provinces% Correct
Tongatapu
88%
Eua
75%
Vava'u
75%
Ha'apai
38%
Ongo Niua
13%

Score Distribution

Percentile by Number Answered

Percent of People with Each Score

Your Score History

You have not taken this quiz